Западно-Сибирская нефтегазодобывающая база страны; Геология

Detalhes bibliográficos
Parent link:Геология.— 1973.— С. 3-4
Autor principal: Аксарин А. В. Александр Васильевич
Idioma:russo
Publicado em: 1973
Assuntos:
Formato: MixedMaterials Capítulo de Livro
KOHA link:https://koha.lib.tpu.ru/cgi-bin/koha/opac-detail.pl?biblionumber=151934

MARC

LEADER 00000naa2a2200000 4500
001 151934
005 20231031150858.0
035 |a (RuTPU)RU\TPU\book\164757 
035 |a RU\TPU\tpu\13927 
090 |a 151934 
100 |a 20090128d1973 k y0rusy50 ca 
101 0 |a rus 
102 |a RU 
200 1 |a Западно-Сибирская нефтегазодобывающая база страны  |f А. В. Аксарин 
463 0 |0 (RuTPU)RU\TPU\book\139279  |t Геология  |o материалы конференции, посвященной 75-летию института  |f Томский политехнический институт ; под ред. А. В. Аксарина  |v С. 3-4  |d 1973  |p 232 с. 
610 1 |a труды учёных ТПУ 
700 1 |a Аксарин  |b А. В.  |c российский ученый-геолог  |c профессор кафедры горючих ископаемых ТПИ  |f 1901-1978  |g Александр Васильевич  |2 stltpush  |3 (RuTPU)RU\TPU\pers\19758 
801 1 |a RU  |b 63413507  |c 20080207  |g PSBO 
801 2 |a RU  |b 63413507  |c 20090202  |g PSBO 
942 |c BK